[Event "II Abierto Int Villa de Albox"]
[Site "?"]
[Date "2001.07.23"]
[Round "1"]
[White "Navarro, Borja"]
[Black "Cano Sanchez, Josue"]
[Result "1/2-1/2"]
[WhiteElo "2078"]
[BlackElo "2304"]
[PlyCount "88"]
[EventDate "2001.07.24"]

1. d4 e6 2. c4 f5 3. Nf3 Nf6 4. g3 c6 5. Bg2 d5 6. O-O Bd6 7. b3 Qe7 8. Bb2 b6
9. Nbd2 Bb7 10. Rc1 Nbd7 11. Ne5 Rc8 12. Ndf3 O-O 13. e3 c5 14. Nxd7 Qxd7 15.
Ne5 Qe7 16. Qe2 Rfd8 17. Rfd1 Ne4 18. f3 Ng5 19. f4 Ne4 20. Bxe4 dxe4 21. Rd2
cxd4 22. Bxd4 Ba8 23. Rcd1 Bb4 24. Rc2 Rd6 25. Bc3 Rxd1+ 26. Qxd1 Bxc3 27. Rxc3
Rd8 28. Qe2 Rd6 29. c5 bxc5 30. Rxc5 Rd8 31. Qc2 h6 32. Rc8 Kh7 33. Rxd8 Qxd8
34. Kf2 Qa5 35. Nc4 Qc5 36. Qd2 Bd5 37. Qa5 Qc6 38. Qc3 Qe8 39. Kg1 Qh5 40. Qd2
Qe8 41. Qc3 h5 42. Ne5 Qb5 43. Qd2 a5 44. Qd1 Qe8 1/2-1/2

[Event "II Abierto Int Villa de Albox"]
[Site "?"]
[Date "2001.07.23"]
[Round "2"]
[White "Gutierrez, Oscar"]
[Black "Damljanovic, Branco"]
[Result "0-1"]
[WhiteElo "2149"]
[BlackElo "2549"]
[PlyCount "84"]
[EventDate "2001.07.24"]

1. e4 c5 2. Nf3 e6 3. c3 Nf6 4. e5 Nd5 5. d4 cxd4 6. cxd4 b6 7. Nc3 Nxc3 8.
bxc3 Qc7 9. Bd2 d6 10. Bd3 Nd7 11. exd6 Bxd6 12. O-O Bb7 13. h3 O-O 14. Rc1 Bf4
15. Bxf4 Qxf4 16. Qd2 Qxd2 17. Nxd2 Rfd8 18. Rfe1 Rac8 19. Be4 Bxe4 20. Nxe4
Rc4 21. Red1 Nf6 22. Nxf6+ gxf6 23. Rd3 Rd5 24. Kf1 Kf8 25. Ke2 Ke7 26. Rb1 Ra5
27. Rb2 Ra3 28. Rc2 h5 29. g4 hxg4 30. hxg4 b5 31. Rb2 a6 32. f3 { } 32... Rca4
33. Rb4 Rxa2+ 34. Ke3 Kd6 35. Ke4 Re2+ 36. Re3 Rxe3+ 37. Kxe3 Ra3 38. Kd3 Kc6
39. Kd2 Kd5 40. f4 Ra2+ 41. Ke3 Rg2 42. Kf3 Rc2 0-1

[Event "II Abierto Int Villa de Albox"]
[Site "?"]
[Date "2001.07.23"]
[Round "2"]
[White "Canabate, Francisco"]
[Black "Suba, Mihai"]
[Result "0-1"]
[WhiteElo "2125"]
[BlackElo "2538"]
[PlyCount "46"]
[EventDate "2001.07.24"]

1. d4 Nf6 2. c4 e6 3. Nc3 Bb4 4. Bg5 h6 5. Bh4 c5 6. d5 d6 7. e3 Qe7 8. Nge2
exd5 9. cxd5 O-O 10. a3 Ba5 11. Qa4 Bd8 12. Ng1 a6 13. Nf3 Nbd7 14. Qd1 b5 15.
b4 Bb7 16. Be2 Rc8 17. Rc1 Re8 18. O-O Nb6 19. Bxf6 Qxf6 20. Qb3 cxb4 21. axb4
Nc4 22. Rfd1 Bb6 23. Nd4 { } 23... Nxe3 0-1

[Event "II Abierto Int Villa de Albox"]
[Site "?"]
[Date "2001.07.23"]
[Round "2"]
[White "Strikovic, Aleksa"]
[Black "Amate Tortosa, Bernardo"]
[Result "1-0"]
[WhiteElo "2515"]
[BlackElo "1978"]
[PlyCount "57"]
[EventDate "2001.07.24"]

1. Nf3 Nf6 2. g3 d5 3. c4 e6 4. Bg2 c6 5. b3 Bd6 6. Bb2 Nbd7 7. O-O O-O 8. d4
Qc7 9. Nbd2 b6 10. Rc1 Bb7 11. Qc2 Rac8 12. Rfd1 Qb8 13. e4 Nxe4 14. Nxe4 dxe4
15. Qxe4 Nf6 16. Qe2 Be7 17. Ne5 Rfe8 18. g4 Rc7 19. f4 c5 20. g5 Nd7 21. d5
exd5 22. Bxd5 Bxd5 23. Rxd5 Qc8 24. Ng4 24... Bxg5 { } 25. Qg2 Bxf4 26. Rf1
Bxh2+ 27. Kxh2 f6 28. Bxf6 Nf8 29. Be5 1-0

[Event "II Abierto Int Villa de Albox"]
[Site "?"]
[Date "2001.07.23"]
[Round "2"]
[White "Rodriguez Guerrero, A."]
[Black "Gomez, Juan Mario"]
[Result "0-1"]
[WhiteElo "1935"]
[BlackElo "2501"]
[PlyCount "50"]
[EventDate "2001.07.24"]

1. Nf3 c5 2. g3 Nc6 3. Bg2 e5 4. d3 d5 5. O-O Nf6 6. Nbd2 Be7 7. Re1 O-O 8. e4
d4 9. Nc4 Nd7 10. c3 b5 11. Ncd2 Nb6 12. cxd4 cxd4 13. h4 { } 13... Be6 14. Nf1
f6 15. h5 Rc8 16. a3 Na5 17. h6 g5 18. N3h2 Nb3 19. Rb1 Qd6 20. Qh5 Kh8 21. Bh3
Bf7 22. Qf3 Rc2 23. Ng4 Be6 24. Kg2 Qc6 25. Bd2 Rxd2 0-1

[Event "II Abierto Int Villa de Albox"]
[Site "?"]
[Date "2001.07.23"]
[Round "2"]
[White "Janev, Eugeni"]
[Black "Sanchez Jerez, Emilio"]
[Result "1-0"]
[WhiteElo "2493"]
[BlackElo "1812"]
[PlyCount "65"]
[EventDate "2001.07.24"]

1. e4 c5 2. Nf3 g6 3. Bc4 Bg7 4. O-O Nc6 5. Nc3 d6 6. h3 Nf6 7. Re1 e5 8. a4
Rb8 9. d3 Be6 10. Bg5 h6 11. Bxf6 Qxf6 12. Nd5 Bxd5 13. Bxd5 O-O 14. c3 Kh8 15.
a5 Ne7 16. Bc4 Nc6 17. Qa4 Ne7 18. Rab1 b6 19. axb6 axb6 20. Qb5 20... g5 { }
21. Ra1 Rb7 22. Nh2 h5 23. Ra6 Nc8 24. Ra8 Qe7 25. Qb3 Ra7 26. Rxa7 Qxa7 27.
Qd1 g4 28. hxg4 Qe7 29. Re3 h4 30. Rh3 Bh6 31. Nf3 Qf6 32. Rxh4 Kg7 33. g5 1-0

[Event "II Abierto Int Villa de Albox"]
[Site "?"]
[Date "2001.07.23"]
[Round "2"]
[White "Garcia Granero, Ana"]
[Black "Khamrakulov, Ibragim"]
[Result "0-1"]
[WhiteElo "1902"]
[BlackElo "2485"]
[PlyCount "71"]
[EventDate "2001.07.24"]

1. d4 Nf6 2. Nf3 g6 3. e3 Bg7 4. Bd3 c5 5. c3 b6 6. O-O Bb7 7. Nbd2 O-O 8. Re1
d6 9. e4 cxd4 10. Nxd4 Nbd7 11. N2b3 Qc7 12. Qe2 Rad8 13. Nf3 e5 14. Bg5 h6 15.
Bh4 Rde8 16. Bc2 d5 17. exd5 Nxd5 18. Bg3 f5 19. h3 Qc6 20. Qd2 g5 21. Rad1 f4
22. Bh2 N5f6 23. Qd6 Qxd6 24. Rxd6 e4 25. Nfd4 Re5 26. Ne6 Re8 27. Nxg7 Kxg7
28. Rdd1 Nd5 29. c4 N5f6 30. Nd4 Rc8 31. b3 Nf8 32. Nb5 { } 32... Rxb5 33. cxb5
Rxc2 34. g3 e3 35. f3 Ne6 36. Kf1 0-1

[Event "II Abierto Int Villa de Albox"]
[Site "?"]
[Date "2001.07.23"]
[Round "2"]
[White "Masip, Ana"]
[Black "Komljenovic, Davor"]
[Result "0-1"]
[WhiteElo "1855"]
[BlackElo "2478"]
[PlyCount "41"]
[EventDate "2001.07.24"]

1. d4 d5 2. c4 c6 3. cxd5 cxd5 4. Nc3 Nc6 5. Nf3 Nf6 6. Bf4 a6 7. e3 Bf5 8. Be2
e6 9. O-O Be7 10. h3 O-O 11. Na4 Nd7 12. Qb3 Na5 13. Qd1 b5 14. Nc3 Rc8 15. Bd3
Bxd3 16. Qxd3 Nc4 17. b3 Na3 18. Rac1 Qb6 19. Ne5 Nxe5 20. Bxe5 Rc7 21. Nb1 {
Ilegible} 0-1

[Event "II Abierto Int Villa de Albox"]
[Site "?"]
[Date "2001.07.23"]
[Round "2"]
[White "Saldano, Horacio"]
[Black "Ferron, Carlos"]
[Result "1-0"]
[WhiteElo "2422"]
[BlackElo "2287"]
[PlyCount "43"]
[EventDate "2001.07.24"]

{Premio de Belleza} 1. e4 1... e5 2. Nf3 Nc6 3. Bb5 f5 4. Bxc6 bxc6 5. O-O d6
6. d4 fxe4 7. Nxe5 dxe5 8. Qh5+ { } 8... g6 9. Qxe5+ Kf7 10. Qxh8 Bg7 11. Qxh7
Qxd4 12. Qh4 Bf5 13. Nc3 Nf6 14. Bg5 Rh8 15. Qg3 Ne8 16. Rad1 Qb4 17. Nxe4 Qxe4
18. Rfe1 Qxc2 19. Re7+ Kf8 20. Rxe8+ Kxe8 21. Rd8+ Kf7 22. Qxc7+ 1-0

[Event "II Abierto Int Villa de Albox"]
[Site "?"]
[Date "2001.07.23"]
[Round "2"]
[White "Cano Sanchez, Josue"]
[Black "Gomez, Salvador"]
[Result "1-0"]
[WhiteElo "2304"]
[BlackElo "2196"]
[PlyCount "109"]
[EventDate "2001.07.24"]

1. d4 e6 2. c4 Nf6 3. Nc3 Bb4 4. a3 Bxc3+ 5. bxc3 Qe7 6. f3 e5 7. e4 O-O 8. Bd3
Nc6 9. Ne2 d6 10. O-O b6 11. Bg5 h6 12. Bh4 g5 13. Bf2 Nh5 14. g3 f5 15. exf5
Bb7 16. g4 Nf6 17. Ng3 Rae8 18. Ne4 Na5 19. Re1 Qf7 20. d5 Ba6 21. Qe2 Qd7 22.
h4 Nxe4 23. Qxe4 Qg7 24. Rab1 Kf7 25. c5 Bxd3 26. Qxd3 dxc5 27. hxg5 Qxg5 28.
Be3 Qh4 29. Kg2 e4 30. Qe2 exf3+ 31. Qxf3 Rg8 32. g5 hxg5 33. Bf2 g4 34. Bxh4
gxf3+ 35. Kxf3 Nc4 36. Kf4 Nxa3 37. Rxe8 Rxe8 38. Ra1 Nb5 39. c4 Nd6 40. Rxa7
Re4+ 41. Kg5 Re7 42. Bg3 { } 42... Ne4+ 43. Kh4 Nxg3 44. Kxg3 Re4 45. d6 Ke8
46. dxc7 Kd7 47. f6 Re3+ 48. Kg4 Re4+ 49. Kg5 Re5+ 50. Kg6 Re1 51. f7 Rg1+ 52.
Kf5 Rf1+ 53. Ke4 b5 54. cxb5 c4 55. f8=Q 1-0

[Event "II Abierto Int Villa de Albox"]
[Site "?"]
[Date "2001.07.24"]
[Round "3"]
[White "Lopez, Jose M"]
[Black "Palac, Mladen"]
[Result "0-1"]
[WhiteElo "2448"]
[BlackElo "2578"]
[PlyCount "54"]
[EventDate "2001.07.24"]

1. d4 Nf6 2. Nf3 e6 3. c4 b6 4. Nc3 Bb7 5. a3 d5 6. cxd5 Nxd5 7. Qc2 Be7 8.
Nxd5 exd5 9. Bf4 c5 10. e3 c4 11. Be2 O-O 12. O-O Nc6 13. Rad1 b5 14. e4 dxe4
15. Qxe4 Bf6 16. Qf5 a6 17. Be5 Ne7 18. Qf4 Re8 19. Qd2 Nc6 20. Qc2 Bxe5 21.
dxe5 21... Qc7 { } 22. Qf5 Nxe5 23. Ng5 g6 24. Qh3 f6 25. f4 Nd3 26. Bxd3 fxg5
27. Bb1 Re2 0-1

[Event "II Abierto Int Villa de Albox"]
[Site "?"]
[Date "2001.07.24"]
[Round "3"]
[White "Damljanovic, Branco"]
[Black "Saldano, Horacio"]
[Result "1-0"]
[WhiteElo "2549"]
[BlackElo "2422"]
[PlyCount "103"]
[EventDate "2001.07.24"]

1. Nf3 c5 2. e4 d6 3. d4 Nf6 4. Nc3 cxd4 5. Nxd4 a6 6. g3 e5 7. Nde2 Be7 8. Bg2
O-O 9. h3 b5 10. g4 b4 11. Nd5 Nxd5 12. Qxd5 Qc7 13. Be3 Nc6 14. O-O Be6 15.
Qd3 Na7 16. b3 Nb5 17. a4 Nc3 18. Nxc3 bxc3 19. Kh1 a5 20. f4 exf4 21. Bxf4
Rfd8 22. Rad1 Rac8 23. Qg3 Qc6 24. Rfe1 Bf8 25. Qf3 Qc5 26. Rd3 Qb4 27. Red1 { 
} 27... h6 28. Be3 Qb7 29. Bf2 Qb4 30. Be1 Qb7 31. Rxc3 Rxc3 32. Bxc3 Rc8 33.
Rd2 Qc7 34. Bd4 Be7 35. c4 Rb8 36. Rb2 Bg5 37. Qc3 f6 38. Qg3 Bc1 39. Rb1 Ba3
40. Rd1 Bf7 41. h4 Qe7 42. Rd3 Re8 43. g5 fxg5 44. hxg5 hxg5 45. Be3 Bg6 46.
Bxg5 Qe5 47. Qxe5 Rxe5 48. Bd2 Rxe4 49. Rg3 Rh4+ 50. Kg1 Bc5+ 51. Kf1 Bh5 52.
Bd5+ {Ilegible} 1-0

[Event "II Abierto Int Villa de Albox"]
[Site "?"]
[Date "2001.07.24"]
[Round "3"]
[White "Suba, Mihai"]
[Black "Belezky, Sasha"]
[Result "1-0"]
[WhiteElo "2538"]
[BlackElo "2398"]
[PlyCount "65"]
[EventDate "2001.07.24"]

1. Nf3 c5 2. c4 Nc6 3. Nc3 Nf6 4. g3 g6 5. d4 cxd4 6. Nxd4 Bg7 7. Bg2 O-O 8.
O-O Nxd4 9. Qxd4 d6 10. Qd3 Rb8 11. Be3 b6 12. Bd4 Bb7 13. Rac1 Qd7 14. e4 Ne8
15. Rfd1 Bxd4 16. Qxd4 Nc7 17. Qe3 Qe6 18. Ne2 Qe5 19. Rc3 Qc5 20. Nd4 Ne6 21.
Nxe6 fxe6 22. e5 Bxg2 23. Kxg2 23... dxe5 { } 24. Qxc5 bxc5 25. Rd2 Rfd8 26.
Re2 Rd4 27. Ra3 Rxc4 28. Rxa7 Kf7 29. b3 Rd4 30. Rxe5 c4 31. bxc4 Rb2 32. Re3
Rxc4 33. Rf3+ {Ilegible} 1-0

[Event "II Abierto Int Villa de Albox"]
[Site "?"]
[Date "2001.07.24"]
[Round "3"]
[White "Borges, Juan"]
[Black "Strikovic, Aleksa"]
[Result "1/2-1/2"]
[WhiteElo "2429"]
[BlackElo "2515"]
[PlyCount "53"]
[EventDate "2001.07.24"]

1. d4 Nf6 2. c4 g6 3. Nc3 Bg7 4. g3 O-O 5. Bg2 d6 6. Nf3 c6 7. O-O Qb6 8. b3
Qa5 9. Qd3 Qh5 10. e4 Bh3 11. Bxh3 Qxh3 12. Ng5 Qd7 13. f4 c5 14. dxc5 h6 15.
Nf3 Nxe4 16. Qxe4 Bxc3 17. Rb1 dxc5 18. f5 Qxf5 19. Qxb7 Nd7 20. Bxh6 Rfb8 21.
Qd5 Qxd5 22. cxd5 Nf6 23. Rbc1 Nxd5 24. Rfd1 24... Bd4+ { } 25. Nxd4 cxd4 26.
Rxd4 e6 27. Bd2 1/2-1/2

[Event "II Abierto Int Villa de Albox"]
[Site "?"]
[Date "2001.07.24"]
[Round "3"]
[White "Gomez, Juan Mario"]
[Black "Minzer, Claudio"]
[Result "1-0"]
[WhiteElo "2501"]
[BlackElo "2371"]
[PlyCount "129"]
[EventDate "2001.07.24"]

1. d4 Nf6 2. c4 c5 3. d5 b5 4. Nf3 Bb7 5. Qc2 e6 6. e4 bxc4 7. Bxc4 exd5 8.
exd5 d6 9. Nc3 Be7 10. O-O O-O 11. Bf4 Nbd7 12. Rad1 Nb6 13. b3 Nxc4 14. bxc4
Qd7 15. h3 Ba6 16. Nd2 Rfe8 17. Rfe1 h6 18. Re3 Nh5 19. Bh2 Bg5 20. Rf3 Bxd2
21. Qxd2 Bxc4 22. g4 Nf6 23. Rxf6 gxf6 24. Qf4 Be2 25. Rd2 Ba6 26. Ne4 Rxe4 27.
Qxe4 Re8 28. Qb1 c4 29. Qc1 Re4 30. Rb2 Qe7 31. Qxh6 Re1+ 32. Kg2 Bb7 33. f3
Re2+ 34. Rxe2 Qxe2+ 35. Kg3 Bxd5 36. Qxf6 Qe1+ 37. Kg2 Qd2+ 38. Kg1 c3 39. Bxd6
Qe1+ 40. Kg2 c2 41. Qg5+ Kh7 42. Qh5+ Kg8 43. Qg5+ 43... Kh7 { } 44. Qf5+ Kg8
45. Qc8+ Kg7 46. Bf8+ Kh7 47. Qxc2+ Kg8 48. Bc5 Qe6 49. Bxa7 Bxa2 50. Bd4 Bd5
51. Qd2 Kh7 52. Qd3+ Kg8 53. Qd2 Kh7 54. Qf4 Qe2+ 55. Kg3 Qe1+ 56. Bf2 Qe6 57.
h4 Bc6 58. h5 Bb7 59. Be3 Bc6 60. Bd2 Bd5 61. Bc3 f5 62. g5 Qc8 63. g6+ Kg8 64.
Qe5 f4+ 65. Kh2 1-0

[Event "II Abierto Int Villa de Albox"]
[Site "?"]
[Date "2001.07.24"]
[Round "3"]
[White "Zlotnik, Boris"]
[Black "Janev, Eugeni"]
[Result "0-1"]
[WhiteElo "2415"]
[BlackElo "2493"]
[PlyCount "76"]
[EventDate "2001.07.24"]

1. d4 Nf6 2. c4 c5 3. d5 b5 4. Nf3 Qa5+ 5. Bd2 b4 6. Qc2 g6 7. e4 d6 8. Bd3 Bg7
9. O-O O-O 10. Bf4 Qc7 11. Nbd2 Nh5 12. Be3 e5 13. dxe6 Bxe6 14. e5 Nd7 15.
exd6 Qxd6 16. Ne4 Qc7 17. Nfg5 Bf5 18. Nxc5 Nxc5 19. Bxf5 Rae8 20. Bg4 Nf4 21.
Rad1 Bh6 22. Bxc5 Qxc5 23. Ne4 Qe5 24. Nd6 Re7 25. g3 Ne2+ 26. Bxe2 Qxe2 27.
Qb3 a5 28. Rd5 Bg7 29. Rxa5 Qxb2 30. c5 Qd2 31. Rb5 Bc3 32. a3 bxa3 33. Nc4 Qd4
34. Nxa3 Re2 35. Nc4 Be1 36. Ne3 Bxf2+ 37. Rxf2 Rxe3 38. Rb8 { } 38... Rxb3 0-1

[Event "II Abierto Int Villa de Albox"]
[Site "?"]
[Date "2001.07.24"]
[Round "3"]
[White "Khamrakulov, Ibragim"]
[Black "Carrasco, Juan M"]
[Result "1-0"]
[WhiteElo "2495"]
[BlackElo "2341"]
[PlyCount "65"]
[EventDate "2001.07.24"]

1. e4 e6 2. d4 d5 3. Nd2 Nf6 4. e5 Nfd7 5. Bd3 c5 6. c3 Nc6 7. Ne2 cxd4 8. cxd4
f6 9. exf6 Qxf6 10. Nf3 h6 11. a3 Bd6 12. Bc2 O-O 13. Qd3 Rd8 14. h4 Nf8 15. g4
e5 16. g5 16... e4 { } 17. gxf6 exd3 18. Bxd3 Bg4 19. fxg7 Ne6 20. Nfg1 Nexd4
21. Nxd4 Nxd4 22. Bxh6 Nb3 23. Rb1 Re8+ 24. Kf1 Re6 25. Bg5 Kxg7 26. Be2 Bxe2+
27. Nxe2 Rae8 28. Rh3 Rxe2 29. Rxb3 b6 30. Rd1 Bc5 31. Rf3 a5 32. Rxd5 Rxb2 33.
h5 1-0

[Event "II Abierto Int Villa de Albox"]
[Site "?"]
[Date "2001.07.24"]
[Round "3"]
[White "Lorenzini, Martin"]
[Black "Del Rio, Salvador"]
[Result "0-1"]
[WhiteElo "2375"]
[BlackElo "2484"]
[PlyCount "76"]
[EventDate "2001.07.24"]

1. e4 d5 2. exd5 Qxd5 3. Nc3 Qd6 4. Bc4 Nf6 5. Nge2 a6 6. d3 b5 7. Bb3 Bb7 8.
f3 Nbd7 9. Be3 Nc5 10. Ne4 Nfxe4 11. dxe4 Nxb3 12. cxb3 O-O-O 13. Qc2 Qd3 14.
Rc1 Qxc2 15. Rxc2 e6 16. Kf2 Bd6 17. Rhc1 Rd7 18. Nf4 Be5 19. Ne2 Kb8 20. Bf4
Bxf4 21. Nxf4 Rhd8 22. Nh5 f5 23. exf5 exf5 24. Nf4 Rd2+ 25. Ke1 Rxc2 26. Rxc2
Rd6 27. Ke2 g5 28. Nd3 Bd5 29. Rd2 a5 30. h4 h6 31. Rd1 a4 32. Nc5 axb3 33.
axb3 33... gxh4 { } 34. Ke3 Bxf3 35. Rg1 Bd5 36. Nd3 Rg6 37. Nf4 Rg3+ 38. Kd4
Bxg2 0-1

[Event "II Abierto Int Villa de Albox"]
[Site "?"]
[Date "2001.07.24"]
[Round "3"]
[White "Hernando Rodrigo, J."]
[Black "De La Paz, Frank"]
[Result "1-0"]
[WhiteElo "2333"]
[BlackElo "2461"]
[PlyCount "117"]
[EventDate "2001.07.24"]

1. d4 Nf6 2. c4 g6 3. Nc3 Bg7 4. Nf3 O-O 5. Bg5 d6 6. h3 Na6 7. Qd2 c5 8. e3
Nc7 9. Be2 cxd4 10. exd4 d5 11. Rd1 Ne4 12. Nxe4 dxe4 13. Nh2 b5 14. cxb5 a6
15. bxa6 Bxa6 16. O-O Ne6 17. Bxa6 Rxa6 18. Bh6 Bxh6 19. Qxh6 Rxa2 20. d5 Nc5
21. Qe3 Qd6 22. b4 Nd7 23. Qxe4 Nf6 24. Qc4 Rb2 25. Rb1 Rxb1 26. Rxb1 Nxd5 27.
Rd1 e6 28. Rb1 Rb8 29. b5 Qc7 30. Qd4 Nc3 31. Re1 Rxb5 32. Qh4 h5 33. Nf3 Nd5
34. Ra1 Rb8 35. Qg5 Qf4 36. Qxf4 Nxf4 37. g3 Ne2+ 38. Kg2 Nc3 39. Ra7 Rb5 40.
h4 Ne4 41. Ra4 Nd6 42. Ng5 Rb7 43. Rd4 Nf5 44. Ra4 Rd7 45. Ra5 Kg7 46. Ra4 e5
47. Ra6 Nh6 48. Ra2 Re7 49. Re2 Ng4 50. Nf3 f6 51. Nh2 Nh6 52. Nf1 Nf5 53. Ne3
Nd4 54. Rd2 Rc7 55. Nd5 Rc5 56. Nf4 Kh6 57. Ne2 Nf5 58. Ra2 Rc4 59. Kf3 {
Ilegible} 1-0

[Event "II Abierto Int Villa de Albox"]
[Site "?"]
[Date "2001.07.24"]
[Round "3"]
[White "Barria, Daniel"]
[Black "Cano Sanchez, Josue"]
[Result "1-0"]
[WhiteElo "2352"]
[BlackElo "2304"]
[PlyCount "72"]
[EventDate "2001.07.24"]

1. e4 e6 2. d4 d5 3. e5 c5 4. c3 Qb6 5. Nf3 Bd7 6. Be2 Bb5 7. Be3 Bxe2 8. Qxe2
Nc6 9. O-O Nh6 10. dxc5 Bxc5 11. Bxh6 gxh6 12. b4 Bf8 13. Nbd2 Bg7 14. Rac1 O-O
15. a3 f6 16. exf6 Rxf6 17. c4 a6 18. cxd5 exd5 19. Rc5 Rd8 20. Qd3 Rfd6 21.
Re1 R6d7 22. Nf1 Bf8 23. Rc2 d4 24. N1d2 Qb5 25. Nc4 Bg7 26. Rce2 Qh5 27. Ncd2
Kh8 28. Ne4 Qg6 29. Nh4 Qh5 30. Nc5 Rf7 31. Nf3 Rg8 32. Ne6 Bf6 33. Re4 Qf5 34.
Kf1 Ne5 35. Nxe5 Bxe5 36. R1e2 36... Qg6 {Ilegible} 1-0

[Event "II Abierto Int Villa de Albox"]
[Site "?"]
[Date "2001.07.24"]
[Round "3"]
[White "Navarro, Borja"]
[Black "Cardenas, Joaquin"]
[Result "1/2-1/2"]
[WhiteElo "2078"]
[BlackElo "2265"]
[PlyCount "147"]
[EventDate "2001.07.24"]

1. d4 d5 2. c4 dxc4 3. e3 c5 4. Bxc4 cxd4 5. exd4 e6 6. Nc3 Nf6 7. Nge2 Be7 8.
O-O O-O 9. Bf4 Nbd7 10. Rc1 Nb6 11. Bb3 Bd7 12. f3 Bc6 13. Qd2 Rc8 14. Rfd1 Qd7
15. Be5 Rfd8 16. Nf4 Nbd5 17. Nd3 Qe8 18. Qf2 b6 19. Kh1 h6 20. Re1 Qf8 21. Qg3
Nd7 22. Nxd5 Bxd5 23. Rxc8 Rxc8 24. Bxg7 Qxg7 25. Bxd5 Qxg3 26. hxg3 Bd6 27.
Bb3 Bxg3 28. Rc1 Rd8 29. Nb4 Nf6 30. Rd1 Rd6 31. d5 a5 32. Nc6 Kf8 33. Nd4 Nxd5
34. Nf5 exf5 35. Rxd5 Rg6 36. Kg1 Ke7 37. Kf1 Re6 38. Rd1 Re3 39. Bc4 f4 40.
Be2 Re5 41. Rd4 Rh5 42. Kg1 Rc5 43. Rc4 Rd5 44. Rc2 Kd6 45. b3 b5 46. Rc8 Kd7
47. Rc1 Ke7 48. Rc7+ Kf6 49. Rc6+ Kg7 50. Rc2 b4 51. Kf1 Re5 52. Rc1 Rh5 53.
Kg1 Kf6 54. Rc6+ Ke7 55. Rc2 Kd6 56. Bc4 Re5 57. Re2 Rc5 58. Rd2+ Kc6 59. Kf1
a4 60. Rc2 Re5 61. Be2+ Kb6 62. bxa4 Re3 63. Rc4 Ka5 64. Rc8 Rc3 65. Rxc3 bxc3
66. Bd1 Kb4 67. Ke2 Ka3 68. Kd3 Kb2 69. a5 Bf2 70. a6 h5 71. Ba4 h4 72. Bb3 f6
73. Ba4 Bb6 74. Bb3 1/2-1/2

[Event "II Abierto Int Villa de Albox"]
[Site "?"]
[Date "2001.07.24"]
[Round "3"]
[White "Caselas, Jacobo"]
[Black "Asensio, Fermin"]
[Result "1/2-1/2"]
[WhiteElo "2328"]
[BlackElo "2112"]
[PlyCount "27"]
[EventDate "2001.07.24"]

1. d4 d5 2. c4 e6 3. Nc3 Nf6 4. cxd5 exd5 5. Bg5 Nbd7 6. e3 c6 7. Bd3 Be7 8.
Qc2 O-O 9. Nge2 Re8 10. O-O Nf8 11. Rab1 a5 12. a3 g6 13. b4 axb4 14. axb4 {
Tablas} 1/2-1/2

[Event "II Abierto Int Villa de Albox"]
[Site "?"]
[Date "2001.07.24"]
[Round "3"]
[White "Ferron, Carlos"]
[Black "Cardenas, Francisco"]
[Result "1-0"]
[WhiteElo "2287"]
[BlackElo "1938"]
[PlyCount "67"]
[EventDate "2001.07.24"]

1. e4 e6 2. d4 d5 3. Nc3 dxe4 4. Nxe4 Nf6 5. Bg5 Be7 6. Nxf6+ Bxf6 7. Bxf6 Qxf6
8. Nf3 O-O 9. Bd3 h6 10. Qe2 c5 11. h4 Nd7 12. Qe4 12... g6 { } 13. h5 cxd4 14.
hxg6 Nc5 15. gxf7+ Rxf7 16. Qxd4 Qxd4 17. Nxd4 Nxd3+ 18. cxd3 e5 19. Nf3 Bf5
20. Nxe5 Re7 21. d4 Rc8 22. Rxh6 Rc2 23. Rd1 Rxb2 24. Rd2 Rb1+ 25. Ke2 Be4 26.
f3 Bd5 27. Rg6+ Kf8 28. Rd6 Bc4+ 29. Kf2 Rf1+ 30. Kg3 Rg7+ 31. Kf4 Bb5 32. g4
Ke7 33. Rh6 Ba4 34. d5 1-0

[Event "II Abierto Int Villa de Albox"]
[Site "?"]
[Date "2001.07.24"]
[Round "4"]
[White "Palac, Mladen"]
[Black "Khamrakulov, Ibragim"]
[Result "1-0"]
[WhiteElo "2578"]
[BlackElo "2485"]
[PlyCount "72"]
[EventDate "2001.07.24"]

1. e4 c5 2. Nf3 e6 3. d4 cxd4 4. Nxd4 a6 5. Bd3 g6 6. c4 Bg7 7. Nb3 Ne7 8. Nc3
d5 9. cxd5 exd5 10. O-O dxe4 11. Bxe4 Qxd1 12. Rxd1 Nbc6 13. Bf4 O-O 14. Rac1
Bf5 15. Bf3 Rad8 16. Nc5 Bc8 17. Bc7 Rd4 18. Nb3 Rxd1+ 19. Rxd1 19... Ne5 { }
20. Bd6 Nxf3+ 21. gxf3 Bf6 22. Nd5 Nxd5 23. Bxf8 Be6 24. Bh6 Bxb2 25. Nc5 b6
26. Nxa6 f6 27. Be3 Be5 28. Rb1 Bc8 29. Nb4 Nc3 30. Re1 b5 31. Nc6 Bb7 32. Nxe5
fxe5 33. a3 Bxf3 34. Bc5 Ne4 35. Bb4 g5 36. h3 h5 1-0

[Event "II Abierto Int Villa de Albox"]
[Site "?"]
[Date "2001.07.24"]
[Round "4"]
[White "Janev, Eugeni"]
[Black "Damljanovic, Branco"]
[Result "0-1"]
[WhiteElo "2493"]
[BlackElo "2549"]
[PlyCount "110"]

1. e4 c5 2. Nf3 e6 3. d3 Nc6 4. Qe2 d6 5. g3 g6 6. Bg2 Bg7 7. c3 Nge7 8. O-O
O-O 9. Nbd2 b6 10. h4 e5 11. Nc4 h6 12. Nh2 Be6 13. f4 exf4 14. Bxf4 d5 15. Nd2
d4 16. e5 dxc3 17. bxc3 Nd5 18. Rac1 Rc8 19. Nhf3 Bg4 20. Rfe1 Rc7 21. Qf1 Rd7
22. Nc4 Nxf4 23. gxf4 Rxd3 24. Nh2 Be6 25. Nd6 Rxd6 26. exd6 Qxd6 27. h5 Bf5
28. Qf3 Nd8 29. Ng4 c4 30. hxg6 Qxg6 31. Ne5 Bxe5 32. Rxe5 32... Ne6 { } 33.
Rd1 Bg4 34. Qe3 Bxd1 35. f5 Qg7 36. fxe6 fxe6 37. Rxe6 Bf3 38. Qd2 Bxg2 39.
Qxg2 Qxg2+ 40. Kxg2 Kg7 41. Rc6 Rf5 42. Rxc4 Rc5 43. Rd4 Kf6 44. c4 h5 45. Kf3
Ke5 46. Ke3 Ra5 47. Rh4 Kd6 48. Kd3 Ke6 49. Rh2 Kf6 50. Ke4 Re5+ 51. Kd4 Rg5
52. a4 Ra5 53. Rh1 Kg5 54. Rg1+ Kf4 55. Rg7 Rxa4 0-1

[Event "II Abierto Int Villa de Albox"]
[Site "?"]
[Date "2001.07.24"]
[Round "4"]
[White "Del Rio, Salvador"]
[Black "Suba, Mihai"]
[Result "1-0"]
[WhiteElo "2484"]
[BlackElo "2538"]
[PlyCount "83"]

1. d4 Nf6 2. c4 e6 3. Nf3 c5 4. d5 d6 5. Nc3 exd5 6. cxd5 g6 7. e4 a6 8. h3 b5
9. Bd3 Bg7 10. O-O O-O 11. Re1 Bb7 12. Bf4 Nh5 13. Bh2 Qb6 14. e5 dxe5 15. Nxe5
Nf6 16. a4 b4 17. a5 Qd8 18. Na4 Qxd5 19. Bf1 Nbd7 20. Re3 Rad8 21. Rd3 Nxe5
22. Rxd5 Rxd5 23. Qc2 { } 23... Nc6 24. Nxc5 Nd4 25. Qc4 Rc8 26. Nxb7 Rxc4 27.
Bxc4 Rg5 28. f4 Rh5 29. Bxa6 Nb3 30. Ra4 Bf8 31. Bc4 Nd2 32. Be2 Rd5 33. a6 Nd7
34. a7 Nb6 35. a8=Q Nxa8 36. Rxa8 b3 37. f5 Ne4 38. fxg6 hxg6 39. Bf3 f5 40.
Bxe4 fxe4 41. Bd6 e3 42. Rxf8+ 1-0

[Event "II Abierto Int Villa de Albox"]
[Site "?"]
[Date "2001.07.24"]
[Round "4"]
[White "Komljenovic, Davor"]
[Black "Gomez, Juan Mario"]
[Result "1/2-1/2"]
[WhiteElo "2478"]
[BlackElo "2501"]
[PlyCount "56"]

1. d4 d5 2. c4 e6 3. Nc3 Be7 4. Nf3 Nf6 5. Bg5 h6 6. Bh4 O-O 7. e3 b6 8. cxd5
Nxd5 9. Bxe7 Qxe7 10. Nxd5 exd5 11. Rc1 Be6 12. Bd3 c5 13. dxc5 bxc5 14. O-O
Nd7 15. e4 dxe4 16. Bxe4 Rab8 17. b3 Rfd8 18. Qe1 Re8 19. Qa5 Bxb3 20. Bc6 Be6
21. Rfd1 Rbc8 22. Bb5 Kf8 23. a4 Ra8 24. Bc6 Rac8 25. Bb5 25... Ra8 { } 26. Bc6
Rac8 27. Bb5 Ra8 28. Bc6 Rac8 1/2-1/2

[Event "II Abierto Int Villa de Albox"]
[Site "?"]
[Date "2001.07.24"]
[Round "4"]
[White "Strikovic, Aleksa"]
[Black "Hernando Rodrigo, J."]
[Result "1-0"]
[WhiteElo "2515"]
[BlackElo "2333"]
[PlyCount "54"]

1. Nf3 d5 2. c4 e6 3. g3 Nf6 4. Bg2 c6 5. b3 Bd6 6. Bb2 Nbd7 7. O-O O-O 8. d4
Re8 9. Nbd2 e5 10. cxd5 cxd5 11. dxe5 Nxe5 12. Nxe5 Bxe5 13. Bxe5 Rxe5 14. Nf3
Re8 15. Nd4 Be6 16. Qd3 Qd6 17. Rac1 a6 18. Nxe6 Qxe6 19. e3 Qb6 20. Rfd1 Rad8
21. Qd4 Qe6 22. Rc7 b6 23. Rdc1 Rd6 24. Rb7 Rf8 25. Rcc7 { } 25... Nd7 26. b4
b5 27. Qf4 Re8 1-0

[Event "II Abierto Int Villa de Albox"]
[Site "?"]
[Date "2001.07.24"]
[Round "4"]
[White "De La Paz, Frank"]
[Black "Borges, Juan"]
[Result "1/2-1/2"]
[WhiteElo "2461"]
[BlackElo "2429"]
[PlyCount "23"]

1. e4 e5 2. Nf3 Nc6 3. Bb5 a6 4. Ba4 Nf6 5. O-O Be7 6. Re1 b5 7. Bb3 d6 8. c3
O-O 9. h3 Na5 10. Bc2 c5 11. d4 Qc7 12. a4 {  Tablas} 1/2-1/2